Elementos de administración y contabilidad : cuaderno de clase para alumnos de la carrera de martillero y corredor público /
Guardado en:
| Autor Principal: | |
|---|---|
| Otros Autores: | , , , , , |
| Formato: | Libro |
| Publicado: |
Bahía Blanca :
Ediuns,
2009
|
| Edición: | 2a. ed. rev. |
| Series: | Docencia
|
| Materias: | |
| Etiquetas: |
Agregar Etiqueta
Sin Etiquetas, Sea el primero en etiquetar este registro!
|
| LEADER | 01116nam a22003495a 4500 | ||
|---|---|---|---|
| 001 | CEM.cems013860 | ||
| 005 | 20130418123901.0 | ||
| 008 | 130507s2009##################000#0#####d | ||
| 003 | CEMS | ||
| 020 | |a 9789872510275 | ||
| 082 | 0 | 4 | |a 657 |
| 100 | 1 | |a Boland, Lucrecia | |
| 245 | 1 | 0 | |a Elementos de administración y contabilidad : |b cuaderno de clase para alumnos de la carrera de martillero y corredor público / |c Diana Albanese y Otros; coordinado Por Lucrecia Boland |
| 250 | |a 2a. ed. rev. | ||
| 260 | |a Bahía Blanca : |b Ediuns, |c 2009 | ||
| 300 | |a 190 p. | ||
| 490 | 0 | |a Docencia | |
| 653 | |a Contabilidad | ||
| 653 | |a Administración | ||
| 653 | |a Pymes | ||
| 653 | |a Organizaciones | ||
| 653 | |a Liderazgo | ||
| 653 | |a Estados contables | ||
| 653 | |a Plan de cuentas | ||
| 700 | 1 | |a Albanese, Diana | |
| 700 | 1 | |a Banchieri, Lucía | |
| 700 | 1 | |a Blanco, Verónica | |
| 700 | 1 | |a Carro, Fernanda | |
| 700 | 1 | |a Gismano, Yanina | |
| 700 | 1 | |a Stancatti, María Jesús | |
| 859 | |a CEMS |b BIB. CEMS - 11 de abril |h 657 |i B637 |p 26632.13 |t Ej.1 | ||
| 859 | |a CEMS |b BIB. CEMS - 11 de abril |h 657 |i B637 |p 26633.13 |t Ej.2 | ||
